[Event "2nd Kalyan Dombivali 2019"]
[Site "Kalyan"]
[Date "2019.01.29"]
[Round "1.1"]
[White "Krish, Doiphode"]
[Black "Gusain, Himal"]
[Result "0-1"]
[WhiteElo "1126"]
[BlackElo "2371"]
[Annotator "ChessBase"]
[PlyCount "59"]
[EventDate "2019.01.28"]
[EventType "swiss"]
[EventRounds "10"]
[EventCountry "IND"]
[SourceTitle "playchess.com"]
[Source "ChessBase"]
[SourceQuality "1"]
[TimeControl "5400+30"]

1. e4 {[%emt 0:00:00]} d6 {[%emt 0:00:00]} 2. Nf3 {[%emt 0:04:15]} Nf6 {[%emt 0:00:00]} 3. Nc3 {[%emt 0:02:39]} g6 {[%emt 0:00:01]} 4. Bc4 {[%emt 0:05:31]} Bg7 {[%emt 0:00:12]} 5. d4 {[%emt 0:03:34]} c6 {[%emt 0:00:22]} 6. Bb3 {[%emt 0:06:30]} O-O {[%emt 0:00:31]} 7. O-O {[%emt 0:01:00]} Qc7 {[%emt 0:00:09]} 8. Ng5 {[%emt 0:04:10]} e5 {[%emt 0:03:59]} 9. d5 {[%emt 0:02:11]} h6 {[%emt 0:00:29]} 10. Nf3 {[%emt 0:08:34]} c5 {[%emt 0:01:16]} 11. Bc4 {[%emt 0:01:43]} Qe7 {[%emt 0:01:32]} 12. h3 {[%emt 0:04:10]} Nh7 {[%emt 0:00:28]} 13. Nh2 {[%emt 0:12:51]} f5 {[%emt 0:01:30]} 14. exf5 {[%emt 0:06:11]} gxf5 {[%emt 0:00:11]} 15. Qh5 {[%emt 0:03:34]} Bd7 {[%emt 0:01:58]} 16. Be3 {[%emt 0:07:22]} Be8 {[%emt 0:00:15]} 17. Qe2 {[%emt 0:00:47]} Nd7 {[%emt 0:00:08]} 18. Na4 {[%emt 0:01:40]} Kh8 {[%emt 0:01:20]} 19. Nc3 {[%emt 0:05:25]} Nb6 {[%emt 0:01:21]} 20. a3 {[%emt 0:01:28]} Nxc4 {[%emt 0:01:05]} 21. Qxc4 {[%emt 0:00:31]} f4 {[%emt 0:00:09]} 22. Bd2 {[%emt 0:01:19]} Ng5 {[%emt 0:00:34]} 23. f3 {[%emt 0:06:06]} Bg6 {[%emt 0:00:48]} 24. Rfe1 {[%emt 0:01:09]} Qd7 {[%emt 0:01:31]} 25. Rac1 {[%emt 0:02:32]} e4 {[%emt 0:01:04]} 26. fxe4 {[%emt 0:05:32]} f3 {[%emt 0:01:06]} 27. Qf1 {[%emt 0:01:42]} f2+ {[%emt 0:00:10]} 28. Kh1 {[%emt 0:00:58]} fxe1=Q {[%emt 0:00:14]} 29. Qxe1 {[%emt 0:00:04]} Rae8 {[%emt 0:01:56]} 30. Qh4 {[%emt 0:01:32]} 0-1

[Event "2nd Kalyan Dombivali 2019"]
[Site "Kalyan"]
[Date "2019.01.29"]
[Round "1.2"]
[White "Kulkarni, Vikramaditya"]
[Black "Patil, Shravani"]
[Result "1-0"]
[WhiteElo "2345"]
[BlackElo "1124"]
[Annotator "TA"]
[PlyCount "99"]
[EventDate "2019.01.28"]
[EventType "swiss"]
[EventRounds "10"]
[EventCountry "IND"]
[SourceTitle "playchess.com"]
[Source "ChessBase"]
[SourceQuality "1"]

{[%evp 9,99,59,72,65,75,70,75,58,77,0,18,18,45,25,40,37,94,86,128,77,91,47,64,60,81,83,106,72,151,177,179,170,289,289,523,519,508,497,511,503,589,589,666,704,848,814,935,935,900,674,678,685,841,709,708,670,658,657,816,709,939,938,917,902,1071,869,1218,689,1062,1731,2518,2278,29985,29986,29988,29986,29984,1908,1906,1880,29989,29990,29990,29985,29985,29986,29986,29985,29989,29990,29991,29991]} 1. c4 $146 ({Predecessor:} 1. e4 e5 2. Nf3 Nc6 3. c3 Nf6 4. d4 d6 5. d5 Nb8 6. Bd3 g6 7. c4 Nbd7 {1-0 (40) Karim,I (2361)-Sumit,K (1975) Barbera del Valles 2017}) 1... e6 2. Nc3 Nf6 3. e4 d6 4. d4 Nbd7 5. Bd3 e5 6. d5 {A18: English Opening: Flohr-Mikenas System (1 c4 Nf6 2 Nc3 e6 3 e4)} g6 7. Nf3 Bg7 8. h3 {White is better.} O-O ({Predecessor:} 8... Nc5 9. Bc2 a5 10. Be3 b6 11. Qd2 O-O 12. g4 {1-0 (40) Karim,I (2361)-Sumit,K (1975) Barbera del Valles 2017}) 9. g4 (9. O-O $16) 9... Nc5 10. Bc2 a5 11. Bg5 h6 12. Be3 Nh7 ({Black should play} 12... h5 $14) 13. Qd2 $16 g5 14. Ke2 (14. O-O-O $142) 14... b6 15. Qd1 Ba6 16. Nd2 Rb8 17. a3 {[%cal Ba2a3,Ba3b4][%mdl 32]} Nd7 18. b4 axb4 (18... Re8 $142) 19. axb4 Ra8 20. Ba4 {Black must now prevent Bc6.} Qe7 (20... Qc8 {was called for.} 21. f3 Bb7) 21. Bc6 $18 Ra7 $2 (21... Rfb8 22. Bxa8 Rxa8) 22. b5 Nb8 23. bxa6 Rxa6 24. Qb3 Rxa1 25. Rxa1 Nxc6 26. dxc6 Nf6 27. Ra7 Rb8 28. Nb5 Ne8 29. Nf1 Qd8 30. Ng3 Rc8 31. Nf5 Bf8 32. Nc3 Nf6 33. f3 Qe8 34. Qb5 Kh8 35. Nd5 Nxd5 36. cxd5 Qd8 37. Kd3 Ra8 38. Qa6 Rxa7 39. Qxa7 Kg8 40. Kc4 f6 41. Kb5 Kh8 42. Qb7 Kg8 {[#]} 43. Bd2 (43. Bxb6 $142 $1 Qe8 (43... cxb6 44. c7) 44. Bxc7 Kh7 45. Bxd6+ Kg6 46. Qd7 Qf7 47. Bxf8 Qxf8 48. c7) 43... Kf7 44. Ka6 Ke8 45. Be3 {White mates.} Be7 46. Ng7+ Kf7 47. Ne6 {[%mdl 64] [#] Double Attack} Qg8 48. Nxc7 b5 49. Nxb5 Qd8 50. Bb6 {Accuracy: White = 67%, Black = 23%.} 1-0

[Event "2nd Kalyan Dombivali 2019"]
[Site "Kalyan"]
[Date "2019.01.29"]
[Round "1.3"]
[White "Mitul, K H"]
[Black "Kathmale, Sameer"]
[Result "0-1"]
[WhiteElo "1121"]
[BlackElo "2312"]
[Annotator "TA"]
[PlyCount "80"]
[EventDate "2019.01.28"]
[EventType "swiss"]
[EventRounds "10"]
[EventCountry "IND"]
[SourceTitle "playchess.com"]
[Source "ChessBase"]
[SourceQuality "1"]

{[%evp 15,79,-8,-20,-16,-22,-7,-16,-14,0,-9,0,0,-2,-97,-90,-90,-89,-79,-81,-98,-97,-77,-95,-114,-111,-183,-185,-193,-202,-210,-210,-218,-196,-193,-123,-266,-273,-296,-234,-223,-213,-860,-854,-845,-833,-5414,-5414,-5414,-5393,-5393,-5397,-29981,-29976,-29973,-29974,-29986,-29987,-29987,-29988,-29995,-29996,-29996,-29997,-29998,-29999,-29999]} 1. e4 (1. c4 c6 2. e4 d5 3. exd5 cxd5 4. cxd5 Nf6 5. Nc3 Nxd5 6. Nf3 Nc6 7. d4 {½-½ (20) Miezis,N (2486)-Kharitonov,A (2569) Cappelle-la-Grande 2016}) 1... c6 2. d4 d5 3. exd5 cxd5 4. c4 Nf6 5. Nc3 Nc6 6. Nf3 Bg4 7. cxd5 Nxd5 8. Bc4 e6 9. Bxd5 {B13: Caro-Kann: Exchange Variation and Panov-Botvinnik Attack} (9. O-O Be7 10. h3 Bxf3 11. Qxf3 Nxd4 12. Qe4 Nf6 13. Qxb7 Rb8 14. Qxa7 Ra8 15. Qb7 Rb8 16. Qa7 Ra8 17. Qb7 Rb8 18. Qa7 Ra8 19. Qb7 Rb8 20. Qa7 Ra8 {½-½ (20) Miezis,N (2486)-Kharitonov,A (2569) Cappelle-la-Grande 2016}) 9... exd5 10. O-O Be7 11. Qd3 {The position is equal.} O-O 12. Ne5 Nxe5 13. dxe5 d4 14. Ne2 $146 (14. Nb5 $11 {keeps the balance.}) ({Predecessor:} 14. Qg3 Bf5 15. Rd1 dxc3 16. Bh6 Bg6 17. Rxd8 Rfxd8 18. bxc3 gxh6 {0-1 (31) Astengo,C (2119)-Miedema,D (2380) Aix les Bains 2011}) 14... Bxe2 $1 $17 15. Qxe2 d3 16. Qe3 Qd5 17. Rd1 Rfd8 18. Bd2 Bc5 19. Qg3 Bd4 20. Bc3 (20. Bf4 $17 {was called for.}) 20... Bxc3 $19 21. bxc3 Rac8 22. Rac1 d2 23. Rb1 Qe4 $1 {[%cal Re4b1] Threatens to win with ...Qxb1!} 24. h3 h6 $40 {[%mdl 128] Black is out for blood.} (24... b6 $19 25. Qe3 Qc2) 25. Kh2 {[#]} (25. Qe3 $17 Qc2 26. Qxa7) 25... Rd3 $1 {[%cal Rd3g3]} 26. f3 Qd5 ({And not} 26... Rcxc3 27. fxe4 Rxg3 28. Rxd2 $11) 27. Rb2 Rcxc3 {[#]} 28. Qf4 $2 (28. e6 $1 {[%mdl 512]} fxe6 (28... Qxe6 29. Rbxd2) 29. Qf2) 28... Rc4 29. Qf5 Rc1 30. Rxb7 Qxb7 31. Qxd3 Rxd1 32. Qd8+ Kh7 33. e6 fxe6 {Black mates.} 34. Qd3+ g6 35. Qc2 Qb8+ 36. g3 Rb1 37. Qc5 Qb7 38. h4 d1=Q {[%csl Gb1][%cal Rd1h1]} 39. Kh3 Qh1+ 40. Kg4 Qbxf3# {Accuracy: White = 36%, Black = 82%.} 0-1

[Event "2nd Kalyan Dombivali 2019"]
[Site "Kalyan"]
[Date "2019.01.29"]
[Round "1.4"]
[White "Saurabh, Anand"]
[Black "Dhruv, Patil"]
[Result "1-0"]
[WhiteElo "2210"]
[BlackElo "1119"]
[Annotator "RC"]
[PlyCount "49"]
[EventDate "2019.01.28"]
[EventType "swiss"]
[EventRounds "10"]
[EventCountry "IND"]
[SourceTitle "playchess.com"]
[Source "ChessBase"]
[SourceQuality "1"]
[TimeControl "5400+30"]

1. e4 {[%emt 0:00:00]} e5 {[%emt 0:00:00]} 2. Nf3 {[%emt 0:00:00]} Nc6 {[%emt 0:00:00]} 3. d4 {[%emt 0:00:00]} exd4 {[%emt 0:00:00]} 4. Nxd4 {[%emt 0:00:00]} Bb4+ {[%emt 0:00:18]} 5. c3 {[%emt 0:00:24]} Bc5 {[%emt 0:00:45]} 6. Be3 {[%emt 0:03:08]} Qe7 {[%emt 0:12:14]} 7. Bd3 {[%emt 0:12:16]} Nxd4 {[%emt 0:01:05]} 8. cxd4 {[%emt 0:00:07]} Bb4+ {[%emt 0:01:13]} 9. Nc3 {[%emt 0:00:07]} Nf6 {[%emt 0:00:23]} 10. O-O {[%emt 0:00:43]} Bxc3 {[%emt 0:14:15]} 11. bxc3 {[%emt 0:00:02]} Nxe4 {[%emt 0:00:30]} 12. Re1 {[%emt 0:00:07]} d5 {[%emt 0:00:26]} 13. Bf4 {[%emt 0:06:27]} Be6 {[%emt 0:18:53]} 14. Bxe4 {[%emt 0:00:19]} dxe4 {[%emt 0:00:09]} 15. Rxe4 {[%emt 0:00:05]} O-O-O {[%emt 0:01:13]} 16. d5 {[%emt 0:02:02]} Qf6 {[%emt 0:07:42]} 17. Rc4 {[%emt 0:07:57]} c6 {[%emt 0:00:56]} 18. Qa4 {[%emt 0:10:27]} Bxd5 {[%emt 0:06:23]} 19. Rb4 {[%emt 0:01:02]} Qxc3 {[%emt 0:00:54]} 20. Rc1 {[%emt 0:01:05]} Rhe8 {[%emt 0:00:34]} 21. Rbb1 {[%emt 0:00:14]} Qd3 {[%emt 0:10:07]} 22. Qxa7 {[%emt 0:00:47]} Qa6 {[%emt 0:01:11]} 23. Qb8+ {[%emt 0:00:17]} Kd7 {[%emt 0:00:38]} 24. Qd6+ {[%emt 0:00:00]} Kc8 {[%emt 0:00:42]} 25. Qc7# 1-0

[Event "2nd Kalyan Dombivali 2019"]
[Site "Kalyan"]
[Date "2019.01.29"]
[Round "1.5"]
[White "Sawant, Hirak Manohar"]
[Black "Snehal, Bhosale"]
[Result "0-1"]
[WhiteElo "1117"]
[BlackElo "2135"]
[Annotator "RC"]
[PlyCount "112"]
[EventDate "2019.01.28"]
[EventType "swiss"]
[EventRounds "10"]
[EventCountry "IND"]
[SourceTitle "playchess.com"]
[Source "ChessBase"]
[SourceQuality "1"]
[TimeControl "5400+30"]

1. e4 {[%emt 0:00:00]} e5 {[%emt 0:04:29]} 2. Nf3 {[%emt 0:00:12]} Nc6 {[%emt 0:00:06]} 3. Bc4 {[%emt 0:00:47]} Nf6 {[%emt 0:00:12]} 4. d3 {[%emt 0:00:52]} Be7 {[%emt 0:00:13]} 5. O-O {[%emt 0:00:14]} O-O {[%emt 0:00:18]} 6. Re1 {[%emt 0:03:58]} d6 {[%emt 0:00:25]} 7. Nbd2 {[%emt 0:03:20]} Na5 {[%emt 0:02:49]} 8. Bb3 {[%emt 0:03:26]} Nxb3 {[%emt 0:02:12]} 9. Nxb3 {[%emt 0:00:06]} Re8 {[%emt 0:04:47]} 10. c3 {[%emt 0:05:42]} h6 {[%emt 0:08:40]} 11. d4 {[%emt 0:11:12]} exd4 {[%emt 0:03:19]} 12. Nbxd4 {[%emt 0:03:27]} Bf8 {[%emt 0:02:44]} 13. e5 {[%emt 0:04:25]} dxe5 {[%emt 0:02:53]} 14. Nxe5 {[%emt 0:03:22]} c5 {[%emt 0:00:33]} 15. Ndf3 {[%emt 0:08:49]} Qxd1 {[%emt 0:02:40]} 16. Rxd1 {[%emt 0:00:54]} Bf5 {[%emt 0:00:35]} 17. Bf4 {[%emt 0:04:43]} g5 {[%emt 0:04:48]} 18. Bg3 {[%emt 0:04:29]} Ne4 {[%emt 0:01:23]} 19. Rd5 {[%emt 0:07:25]} g4 {[%emt 0:07:56]} 20. Nd2 {[%emt 0:04:24]} Nxg3 {[%emt 0:03:08]} 21. hxg3 {[%emt 0:00:49]} Be6 {[%emt 0:01:16]} 22. Rd3 {[%emt 0:00:04]} Rad8 {[%emt 0:00:13]} 23. Ne4 {[%emt 0:08:50]} Kg7 {[%emt 0:02:12]} 24. Rad1 {[%emt 0:04:44]} Rxd3 {[%emt 0:04:31]} 25. Nxd3 {[%emt 0:00:05]} Rd8 {[%emt 0:02:35]} 26. f3 {[%emt 0:03:24]} Bxa2 {[%emt 0:06:37]} 27. fxg4 {[%emt 0:01:35]} Bc4 {[%emt 0:01:49]} 28. Ndf2 {[%emt 0:00:35]} Rxd1+ {[%emt 0:00:34]} 29. Nxd1 {[%emt 0:00:03]} b5 {[%emt 0:00:20]} 30. Ne3 {[%emt 0:00:37]} Bd3 {[%emt 0:00:26]} 31. Nf5+ {[%emt 0:00:39]} Kg6 {[%emt 0:05:24]} 32. Nh4+ {[%emt 0:00:27]} Kh7 {[%emt 0:00:39]} 33. Nf6+ {[%emt 0:00:37]} Kg7 {[%emt 0:00:18]} 34. Ne8+ {[%emt 0:00:32]} Kh8 {[%emt 0:00:08]} 35. Nf3 {[%emt 0:00:53]} c4 {[%emt 0:02:23]} 36. Ne5 {[%emt 0:01:22]} Bc5+ {[%emt 0:01:25]} 37. Kh2 {[%emt 0:00:12]} b4 {[%emt 0:01:07]} 38. Nxf7+ {[%emt 0:01:01]} Kh7 {[%emt 0:00:34]} 39. cxb4 {[%emt 0:01:23]} Bd4 {[%emt 0:00:15]} 40. Nfd6 {[%emt 0:06:50]} Bxb2 {[%emt 0:00:14]} 41. Nxc4 {[%emt 0:01:14]} Bxc4 {[%emt 0:00:08]} 42. Nd6 {[%emt 0:00:10]} Bd3 {[%emt 0:00:12]} 43. b5 {[%emt 0:00:59]} Ba3 {[%emt 0:00:10]} 44. Nc8 {[%emt 0:01:02]} Bc5 {[%emt 0:00:08]} 45. Kh3 {[%emt 0:00:24]} Bxb5 {[%emt 0:00:15]} 46. Nxa7 {[%emt 0:00:07]} Bxa7 {[%emt 0:00:07]} 47. Kh4 {[%emt 0:00:05]} Kg6 {[%emt 0:00:13]} 48. Kh3 {[%emt 0:00:35]} Kg5 {[%emt 0:00:26]} 49. Kh2 {[%emt 0:00:03]} Kxg4 {[%emt 0:00:07]} 50. Kh1 {[%emt 0:00:03]} Bb8 {[%emt 0:00:13]} 51. Kh2 {[%emt 0:00:14]} h5 {[%emt 0:00:08]} 52. Kh1 {[%emt 0:00:19]} Kxg3 {[%emt 0:00:16]} 53. Kg1 {[%emt 0:00:04]} h4 {[%emt 0:00:18]} 54. Kh1 {[%emt 0:00:05]} h3 {[%emt 0:00:10]} 55. Kg1 {[%emt 0:00:17]} Ba7+ {[%emt 0:00:08]} 56. Kh1 {[%emt 0:00:03]} hxg2# {[%emt 0:00:07]} 0-1

[Event "2nd Kalyan Dombivali 2019"]
[Site "Kalyan"]
[Date "2019.01.29"]
[Round "1.6"]
[White "Kumar, Gaurav"]
[Black "Kotur, Aryan"]
[Result "1-0"]
[WhiteElo "2128"]
[BlackElo "1116"]
[Annotator "RC"]
[PlyCount "69"]
[EventDate "2019.01.28"]
[EventType "swiss"]
[EventRounds "10"]
[EventCountry "IND"]
[SourceTitle "playchess.com"]
[Source "ChessBase"]
[SourceQuality "1"]
[TimeControl "5400+30"]

1. e4 {[%emt 0:00:00]} c6 {[%emt 0:00:00]} 2. d4 {[%emt 0:00:00]} d5 {[%emt 0:00:00]} 3. Nd2 {[%emt 0:01:49]} dxe4 {[%emt 0:00:11]} 4. Nxe4 {[%emt 0:00:04]} Bf5 {[%emt 0:00:19]} 5. Ng3 {[%emt 0:00:04]} Bg6 {[%emt 0:00:10]} 6. h4 {[%emt 0:00:04]} h6 {[%emt 0:00:03]} 7. Nf3 {[%emt 0:00:05]} Nd7 {[%emt 0:00:07]} 8. h5 {[%emt 0:00:05]} Bh7 {[%emt 0:00:04]} 9. Bd3 {[%emt 0:00:05]} Bxd3 {[%emt 0:00:08]} 10. Qxd3 {[%emt 0:00:07]} Ngf6 {[%emt 0:00:03]} 11. Bd2 {[%emt 0:00:21]} e6 {[%emt 0:00:05]} 12. O-O-O {[%emt 0:00:11]} Bd6 {[%emt 0:00:07]} 13. Ne4 {[%emt 0:01:48]} Nxe4 {[%emt 0:00:25]} 14. Qxe4 {[%emt 0:00:03]} Qc7 {[%emt 0:01:01]} 15. Kb1 {[%emt 0:00:24]} O-O-O {[%emt 0:00:15]} 16. c4 {[%emt 0:00:29]} c5 {[%emt 0:06:29]} 17. Bc3 {[%emt 0:01:48]} Nf6 {[%emt 0:05:24]} 18. Qe2 {[%emt 0:00:04]} Kb8 {[%emt 0:05:20]} 19. Rc1 {[%emt 0:05:13]} Rhe8 {[%emt 0:04:26]} 20. Rh4 {[%emt 0:01:51]} Be7 {[%emt 0:02:32]} 21. dxc5 {[%emt 0:10:19]} Qxc5 {[%emt 0:03:38]} 22. Ne5 {[%emt 0:02:38]} Rf8 {[%emt 0:01:50]} 23. a3 {[%emt 0:01:44]} Qb6 {[%emt 0:05:03]} 24. c5 {[%emt 0:20:05]} Bxc5 {[%emt 0:09:29]} 25. Nc4 {[%emt 0:02:47]} Qc7 {[%emt 0:02:34]} 26. Be5 {[%emt 0:00:15]} Bd6 {[%emt 0:00:24]} 27. Nxd6 {[%emt 0:00:13]} Qd7 {[%emt 0:01:06]} 28. Nb5+ {[%emt 0:04:08]} Ka8 {[%emt 0:00:21]} 29. Nc7+ {[%emt 0:00:10]} Kb8 {[%emt 0:00:08]} 30. Rd4 {[%emt 0:00:20]} Qxd4 {[%emt 0:00:23]} 31. Bxd4 {[%emt 0:00:16]} Rxd4 {[%emt 0:00:08]} 32. Qe5 {[%emt 0:00:03]} Re4 {[%emt 0:00:13]} 33. Na6+ {[%emt 0:00:02]} Ka8 {[%emt 0:00:09]} 34. Qb8+ {[%emt 0:00:02]} Rxb8 {[%emt 0:00:02]} 35. Nc7# {[%emt 0:00:08]} 1-0

[Event "2nd Kalyan Dombivali 2019"]
[Site "Kalyan"]
[Date "2019.01.29"]
[Round "1.7"]
[White "Lohakare, Pratham"]
[Black "Satkar, Chirag"]
[Result "0-1"]
[WhiteElo "1112"]
[BlackElo "2071"]
[Annotator "NA RC"]
[PlyCount "88"]
[EventDate "2019.01.28"]
[EventType "swiss"]
[EventRounds "10"]
[EventCountry "IND"]
[SourceTitle "playchess.com"]
[Source "ChessBase"]
[SourceQuality "1"]
[TimeControl "5400+30"]

1. d4 {[%emt 0:00:00]} Nf6 {[%emt 0:00:00]} 2. c4 {[%emt 0:00:00]} g6 {[%emt 0:00:00]} 3. Nf3 {[%emt 0:00:16]} Bg7 {[%emt 0:00:27]} 4. Nc3 {[%emt 0:00:16]} O-O {[%emt 0:02:04]} 5. e4 {[%emt 0:00:57]} d6 {[%emt 0:00:23]} 6. Be3 {[%emt 0:00:27]} e5 {[%emt 0:03:12]} 7. Be2 {[%emt 0:04:47]} Ng4 {[%emt 0:04:02]} 8. Qd2 {[%emt 0:04:38]} Nxe3 {[%emt 0:01:43]} 9. Qxe3 {[%emt 0:00:03]} Nc6 {[%emt 0:06:33]} 10. d5 {[%emt 0:03:01]} Nd4 {[%emt 0:02:53]} 11. Rc1 {[%emt 0:02:37]} f5 {[%emt 0:01:10]} 12. O-O {[%emt 0:05:22]} Bd7 {[%emt 0:10:52]} 13. Rfe1 {[%emt 0:11:08]} f4 {[%emt 0:05:31]} 14. Qd2 {[%emt 0:03:33]} Nxe2+ {[%emt 0:00:24]} 15. Qxe2 {[%emt 0:00:54]} g5 {[%emt 0:00:09]} 16. Nd2 {[%emt 0:06:40]} g4 {[%emt 0:00:26]} 17. f3 {[%emt 0:01:26]} h5 {[%emt 0:01:42]} 18. Rf1 {[%emt 0:02:35]} Kh8 {[%emt 0:00:46]} 19. Kh1 {[%emt 0:03:28]} Rg8 {[%emt 0:01:30]} 20. fxg4 {[%emt 0:04:00]} hxg4 {[%emt 0:01:15]} 21. h3 {[%emt 0:00:59]} Qh4 {[%emt 0:02:04]} 22. Qf2 {[%emt 0:00:52]} Qh6 {[%emt 0:03:04]} 23. Rg1 {[%emt 0:05:06]} Bf6 {[%emt 0:03:44]} 24. Ne2 {[%emt 0:10:16]} Raf8 {[%emt 0:07:47]} 25. g3 {[%emt 0:09:12]} fxg3 {[%emt 0:01:19]} 26. Nxg3 {[%emt 0:00:52]} Bg5 {[%emt 0:00:16]} 27. Nf5 {[%emt 0:02:07]} Bxf5 {[%emt 0:00:15]} 28. exf5 {[%emt 0:00:30]} Bxd2 {[%emt 0:00:13]} 29. Rcd1 {[%emt 0:00:36]} Be3 {[%emt 0:00:12]} 30. Qh2 {[%emt 0:00:26]} Bxg1 {[%emt 0:00:05]} 31. Rxg1 {[%emt 0:00:13]} gxh3 {[%emt 0:00:05]} 32. f6 {[%emt 0:00:18]} Rxg1+ {[%emt 0:00:11]} 33. Qxg1 {[%emt 0:00:07]} Rg8 {[%emt 0:00:11]} 34. Qf1 {[%emt 0:00:21]} h2 35. f7 {[%emt 0:00:16]} Rg1+ {[%emt 0:00:18]} 36. Qxg1 {[%emt 0:00:07]} hxg1=Q+ {[%emt 0:00:00]} 37. Kxg1 {[%emt 0:00:00]} Qg6+ {[%emt 0:00:09]} 38. Kh2 {[%emt 0:00:07]} Qxf7 {[%emt 0:00:05]} 39. b4 {[%emt 0:00:04]} e4 {[%emt 0:00:06]} 40. a4 {[%emt 0:00:29]} e3 {[%emt 0:00:06]} 41. c5 {[%emt 0:00:16]} e2 {[%emt 0:00:03]} 42. c6 {[%emt 0:00:09]} e1=Q {[%emt 0:00:09]} 43. cxb7 {[%emt 0:00:11]} Qff2+ {[%emt 0:00:08]} 44. Kh3 {[%emt 0:00:13]} Qg3# {[%emt 0:00:04]} 0-1

[Event "2nd Kalyan Dombivali 2019"]
[Site "Kalyan"]
[Date "2019.01.29"]
[Round "1.8"]
[White "Saranya, Y."]
[Black "Khadilkar, Shourya"]
[Result "1-0"]
[WhiteElo "1961"]
[BlackElo "1111"]
[Annotator "NA RC"]
[PlyCount "81"]
[EventDate "2019.01.28"]
[EventType "swiss"]
[EventRounds "10"]
[EventCountry "IND"]
[SourceTitle "playchess.com"]
[Source "ChessBase"]
[SourceQuality "1"]
[TimeControl "5400+30"]

1. e4 {[%emt 0:00:00]} e5 {[%emt 0:00:00]} 2. Nf3 {[%emt 0:00:00]} Nc6 3. d4 {[%emt 0:00:00]} exd4 {[%emt 0:00:00]} 4. Nxd4 {[%emt 0:00:00]} Bc5 {[%emt 0:00:00]} 5. Nxc6 {[%emt 0:00:00]} bxc6 {[%emt 0:00:06]} 6. Bd3 {[%emt 0:00:43]} d5 {[%emt 0:00:18]} 7. O-O {[%emt 0:00:44]} Nf6 {[%emt 0:00:13]} 8. Nc3 {[%emt 0:01:31]} O-O {[%emt 0:00:26]} 9. Bg5 {[%emt 0:01:27]} Be7 {[%emt 0:01:07]} 10. exd5 {[%emt 0:08:00]} cxd5 {[%emt 0:00:26]} 11. Bxf6 {[%emt 0:03:12]} Bxf6 {[%emt 0:00:12]} 12. Nxd5 {[%emt 0:00:16]} Bxb2 {[%emt 0:00:33]} 13. Rb1 {[%emt 0:00:07]} Bf6 {[%emt 0:00:50]} 14. Qh5 {[%emt 0:00:37]} g6 {[%emt 0:00:13]} 15. Qf3 {[%emt 0:00:11]} Bg7 {[%emt 0:00:16]} 16. Nf6+ {[%emt 0:04:33]} Qxf6 {[%emt 0:01:48]} 17. Qxa8 {[%emt 0:00:09]} Bh3 {[%emt 0:00:20]} 18. Qe4 {[%emt 0:01:38]} Bf5 {[%emt 0:00:21]} 19. Qf3 {[%emt 0:00:09]} Bxd3 {[%emt 0:00:26]} 20. Qxf6 {[%emt 0:00:08]} Bxf6 {[%emt 0:00:11]} 21. cxd3 {[%emt 0:00:05]} Rd8 {[%emt 0:00:16]} 22. Rfd1 {[%emt 0:00:12]} Bd4 {[%emt 0:00:10]} 23. Rb4 {[%emt 0:02:06]} c5 {[%emt 0:00:27]} 24. Rbb1 {[%emt 0:01:08]} Kg7 {[%emt 0:00:57]} 25. Kf1 {[%emt 0:00:07]} Kf6 {[%emt 0:00:12]} 26. Rb7 {[%emt 0:00:34]} Ra8 {[%emt 0:00:20]} 27. Rdb1 {[%emt 0:00:23]} Ke6 {[%emt 0:00:30]} 28. Rb8 {[%emt 0:00:12]} Rxb8 {[%emt 0:00:05]} 29. Rxb8 {[%emt 0:00:02]} Bc3 {[%emt 0:00:48]} 30. a3 {[%emt 0:01:08]} Ba5 {[%emt 0:00:42]} 31. Rb7 {[%emt 0:00:29]} Bb6 {[%emt 0:00:24]} 32. Ke2 {[%emt 0:00:11]} h5 {[%emt 0:00:11]} 33. Kd2 {[%emt 0:00:59]} Ba5+ {[%emt 0:01:02]} 34. Kc2 {[%emt 0:00:02]} Bb6 {[%emt 0:00:19]} 35. f3 {[%emt 0:00:23]} f6 {[%emt 0:00:38]} 36. Kb3 {[%emt 0:00:20]} Kd5 {[%emt 0:01:19]} 37. Rd7+ {[%emt 0:00:11]} Ke6 {[%emt 0:00:12]} 38. Rg7 {[%emt 0:00:04]} g5 {[%emt 0:00:09]} 39. Kc4 {[%emt 0:00:07]} Ba5 {[%emt 0:01:54]} 40. Rxa7 {[%emt 0:00:27]} Be1 {[%emt 0:00:08]} 41. a4 {[%emt 0:00:08]} 1-0